000 00539nam a2200145Ia 4500
008 100204s9999 xx 000 0 und d
082 _b27731
100 _aरघुवंशी रमेश
245 _aअलौकिक इच्छाशक्ती कशी वाढवावी
250 _a0
300 _a64
630 _aअलौकिक इच्छाशक्ती कशी वाढवावी
730 _aअलौकिक इच्छाशक्ती कशी वाढवावी
942 _cBOOK
999 _c472911
_d472908